000 00285nam a22001097a 4500
082 _a920/WAS
100 _aWasik, John F.
_982161
245 _aNikola Tesla
_bTimeless Lessons From His Life and Work
260 _aMumbai
_bJaico Publishing House
_c2023
650 _aBiography
942 _cBK
999 _c66533
_d66533